<?xml version="1.0" encoding="UTF-8"?>
<record
    xmlns:xsi="http://www.w3.org/2001/XMLSchema-instance"
    xsi:schemaLocation="http://www.loc.gov/MARC21/slim http://www.loc.gov/standards/marcxml/schema/MARC21slim.xsd"
    xmlns="http://www.loc.gov/MARC21/slim">

  <leader>00204nam a22000857a 4500</leader>
  <controlfield tag="001">1254109</controlfield>
  <controlfield tag="005">20251104152301.0</controlfield>
  <datafield tag="245" ind1=" " ind2=" ">
    <subfield code="a">YED&#x130;LER&#x130;N G&#x130;ZEM&#x130;</subfield>
    <subfield code="c">AGATHA CHRISTIE</subfield>
  </datafield>
  <datafield tag="260" ind1=" " ind2=" ">
    <subfield code="b">ALTIN K&#x130;TAPLAR YAYINLARI</subfield>
  </datafield>
  <datafield tag="999" ind1=" " ind2=" ">
    <subfield code="c">1254109</subfield>
    <subfield code="d">1254109</subfield>
  </datafield>
  <datafield tag="952" ind1=" " ind2=" ">
    <subfield code="0">0</subfield>
    <subfield code="1">0</subfield>
    <subfield code="2">ddc</subfield>
    <subfield code="4">0</subfield>
    <subfield code="7">0</subfield>
    <subfield code="a">1082</subfield>
    <subfield code="b">1082</subfield>
    <subfield code="d">2025-11-04</subfield>
    <subfield code="l">6</subfield>
    <subfield code="p">10828014</subfield>
    <subfield code="r">2026-04-28 13:39:53</subfield>
    <subfield code="s">2026-04-14</subfield>
    <subfield code="w">2025-11-04</subfield>
    <subfield code="y">BK</subfield>
  </datafield>
</record>
